仙台市営地下鉄駅別乗降客数ランキング - Statistics

General Stats
  • This quiz has been taken 85 times
  • The average score is 14 of 29
Answer Stats
順位 駅名 乗降客数 路線 % Correct
1 仙台 128,754 東西線・南北線
100%
2 泉中央 41,130 南北線
78%
3 勾当台公園 27,746 南北線
67%
4 長町南 18,786 南北線
53%
5 広瀬通 16,748 南北線
53%
7 長町 15,090 南北線
53%
11 青葉通一番町 12,040 東西線
52%
8 北仙台 14,310 南北線
51%
6 北四番丁 15,526 南北線
48%
9 富沢 13,752 南北線
48%
10 八乙女 13,242 南北線
47%
14 五橋 10,078 南北線
47%
25 荒井 5,812 東西線
45%
13 台原 10,516 南北線
44%
16 河原町 9,188 南北線
44%
18 八木山動物公園 8,740 東西線
44%
20 長町一丁目 7,336 南北線
44%
21 連坊 7,278 東西線
44%
23 青葉山 6,788 東西線
44%
28 愛宕橋 4,312 南北線
44%
19 黒松 7,516 南北線
42%
22 六丁の目 7,012 東西線
42%
24 宮城野通 5,916 東西線
42%
27 国際センター 4,828 東西線
42%
29 大町西公園 4,156 東西線
42%
12 旭ヶ丘 11,436 南北線
41%
15 薬師堂 10,056 東西線
41%
26 川内 4,972 東西線
41%
17 卸町 8,754 東西線
38%
No matching quizzes found
Score Distribution
Percent of People with Each Score
Percentile by Number Answered
Your Score History
You have not taken this quiz